[Event "AUTO-ADV-196"]
[Site "http://www.queenalice.com/game.php?id=81941"]
[Date "2006.7.3"]
[Round "1"]
[White "peace"]
[Black "luxitan"]
[Result "0-1"]
[WhiteElo "1583"]
[BlackElo "1571"]

1. d4 d5 2. e3 e6 3. Nc3 Nf6 4. Nf3 Nc6 5. Bb5 Bd7 6. Bxc6 Bxc6 7. O-O Bd6 8. b3
b5 9. a3 a5 10. a4 bxa4 11. Nxa4 Ne4 12. Bb2 O-O 13. Ba3 Bb5 14. Re1 Bxa3 15.
Rxa3 Qd6 16. Ra1 Rab8 17. Nb2 Nc3 18. Qd2 Qb4 19. Nd3 Ne4 20. Qxb4 axb4 21. Nxb4
c5 22. dxc5 Nc3 23. Nd4 Rfc8 24. Nd3 Ne4 25. Nxb5 Rxb5 26. b4 h6 27. f3 Nc3 28.
Ra7 Rbb8 29. Ne5 Rxb4 30. Nxf7 Nb5 31. e4 Nxa7 32. exd5 exd5 33. c3 Rb3 34. Rc1
Kxf7 35. h4 Rxc5 36. Ra1 Nb5 37. Kh2 Rbxc3 38. Ra5 d4 39. Kg3 d3 40. Kf2 d2 41.
Ke2 Rd5 42. Ra1 Rc1 43. Rxc1 dxc1=Q 44. Kf2 Rd2+ 45. Kg3 Qe1+ 46. Kh3 Qh1+ 47.
Kg3 Rxg2+ 48. Kf4 Qxh4+ 49. Ke3 Qd4# 0-1

[Event "AUTO-ADV-196"]
[Site "http://www.queenalice.com/game.php?id=81942"]
[Date "2006.7.3"]
[Round "1"]
[White "luxitan"]
[Black "snowflakes"]
[Result "0-1"]
[WhiteElo "1609"]
[BlackElo "1718"]

1. e4 d6 2. d4 g6 3. Nf3 Bg7 4. Nc3 c6 5. Bc4 Nf6 6. Ng5 e6 7. e5 dxe5 8. dxe5
Qxd1+ 9. Nxd1 Nfd7 10. f4 b5 11. Bxe6 fxe6 12. Nxe6 Na6 13. Nxg7+ Ke7 14. O-O
Rg8 15. e6 Nf6 16. f5 Rxg7 17. Bg5 gxf5 18. Rxf5 Rg6 19. Nf2 Bxe6 20. Re1 Kf7
21. Rfe5 Nc7 22. Nd3 h6 23. Nf4 Rxg5 24. Nxe6 Rxe5 25. Rxe5 Nxe6 26. c3 Rd8 27.
Rf5 Rd2 28. h4 Rxb2 29. g4 Ke7 30. g5 hxg5 31. hxg5 Ne4 32. g6 Nd6 33. Re5 Kf6
34. Re3 Rxa2 35. Rd3 Nf5 36. Re3 Nxe3 0-1

[Event "AUTO-ADV-196"]
[Site "http://www.queenalice.com/game.php?id=81943"]
[Date "2006.7.3"]
[Round "1"]
[White "snowflakes"]
[Black "luxitan"]
[Result "1-0"]
[WhiteElo "1736"]
[BlackElo "1596"]

1. d4 d5 2. c4 dxc4 3. Qa4+ Nc6 4. e3 Bd7 5. Qxc4 e5 6. Nf3 f6 7. Nbd2 Bb4 8.
Be2 Qe7 9. a3 Bxd2+ 10. Bxd2 Be6 11. d5 e4 12. Qxe4 Bc8 13. Qxe7+ Ngxe7 14. dxc6
Nxc6 15. O-O O-O 16. Bb5 Bg4 17. Bxc6 bxc6 18. Nd4 Rad8 19. Bb4 Rf7 20. Nxc6 Rd5
21. Nxa7 Rfd7 22. h3 Be2 23. Rfe1 c5 24. Rxe2 Rxa7 25. Bc3 Rad7 26. b4 Rd3 27.
Rc1 Ra7 28. Ra2 Rc7 29. b5 Rb7 30. a4 Rbd7 31. Kf1 Rd1+ 32. Rxd1 Rxd1+ 33. Ke2
Rc1 34. Kd2 Rb1 35. Rb2 Ra1 36. a5 Ra4 37. b6 Re4 38. b7 Re8 39. b8=Q Rxb8 40.
Rxb8+ Kf7 41. a6 1-0

[Event "AUTO-ADV-196"]
[Site "http://www.queenalice.com/game.php?id=81944"]
[Date "2006.7.3"]
[Round "1"]
[White "luxitan"]
[Black "Victoria_Soto"]
[Result "1-0"]
[WhiteElo "1593"]
[BlackElo "1449"]

1. e4 g6 2. Nc3 Bg7 3. Nf3 e5 4. d4 exd4 5. Nxd4 c5 6. Ndb5 Qe7 7. Nd6+ Kd8 8.
Bc4 Kc7 9. Nd5+ Kxd6 10. Nxe7+ Kxe7 11. O-O Nf6 12. Bg5 Re8 13. e5 h6 14. exf6+
Bxf6 15. Re1+ Kf8 16. Qd6+ Be7 17. Bxe7+ Kg8 18. Qxg6+ 1-0

[Event "AUTO-ADV-196"]
[Site "http://www.queenalice.com/game.php?id=81945"]
[Date "2006.7.3"]
[Round "1"]
[White "Victoria_Soto"]
[Black "luxitan"]
[Result "1-0"]
[WhiteElo "1445"]
[BlackElo "1598"]

1. e4 e5 2. Nf3 d6 3. Bc4 Be6 4. Bxe6 fxe6 5. Nc3 d5 6. Nxe5 dxe4 7. Qh5+ g6 8.
Nxg6 Nf6 9. Qh4 Rg8 10. Nf4 Nd5 11. Qh5+ Kd7 12. Nfxd5 exd5 13. Qxd5+ Bd6 14.
Nxe4 c6 15. Nc5+ Kc7 16. Ne6+ Kd7 17. Nxd8 cxd5 18. Nxb7 Rxg2 19. d4 Bxh2 20.
Kf1 Rg4 21. Rxh2 Kc6 22. Rxh7 Rxd4 23. Be3 Re4 24. a4 Nd7 25. Na5+ Kd6 26. Nb7+
Kc7 27. Nc5 Rxe3 28. fxe3 Rf8+ 29. Ke2 Rd8 30. Ne6+ Kc8 31. Nxd8 Kxd8 32. Rd1
Nf6 33. Rxa7 1-0

[Event "Challenge"]
[Site "http://www.queenalice.com/game.php?id=84694"]
[Date "2006.7.11"]
[Round "-"]
[White "Nunes"]
[Black "luxitan"]
[Result "1-0"]
[WhiteElo "1632"]
[BlackElo "1598"]

1. d4 d5 2. Bf4 Nf6 3. e3 Nc6 4. Bb5 a6 5. Bxc6+ bxc6 6. Nd2 e6 7. Nb3 Bd6 8.
Ne2 Bxf4 9. Nxf4 O-O 10. Nc5 Ne4 11. Nxe4 dxe4 12. O-O e5 13. dxe5 Qxd1 14.
Raxd1 Bg4 15. Rd4 Bf5 16. Rfd1 c5 17. Rd5 Bg4 18. R1d2 c6 19. Rxc5 Rad8 20. Rxd8
Rxd8 21. h3 Bd7 22. Ne2 Rb8 23. Nd4 Rxb2 24. Nxc6 Rxa2 25. Nb4 Ra4 26. Nd5 Ra1+
27. Kh2 a5 28. Nb6 Be8 29. Rc8 Kf8 30. Nd5 a4 31. Ra8 Ra2 32. Nc7 Ke7 33. Nxe8
a3 34. Nxg7 f6 35. exf6+ Kxf6 36. Ne8+ Ke6 37. Nc7+ Kd6 38. Nb5+ Kc5 39. Rxa3
Rxa3 40. Nxa3 Kb4 41. Nb1 Kc4 42. Kg3 Kd5 43. f3 h6 44. f4 Ke6 45. Kg4 Kf6 46.
Nd2 h5+ 47. Kxh5 Ke6 48. Nxe4 Kd5 49. Nd2 Ke6 50. g4 Kf6 51. Ne4+ Ke6 52. g5 Kf7
53. f5 Kg7 54. g6 Kf8 55. f6 Kg8 56. Ng5 Kh8 57. g7+ Kg8 58. Ne6 Kh7 59. g8=Q+
Kxg8 60. Kg6 Kh8 61. Kf7 1-0

[Event "Challenge"]
[Site "http://www.queenalice.com/game.php?id=84881"]
[Date "2006.7.11"]
[Round "-"]
[White "magnov"]
[Black "luxitan"]
[Result "0-1"]
[WhiteElo "1322"]
[BlackElo "1592"]

1. f4 d5 2. d4 e6 3. e3 Nf6 4. Nf3 Nc6 5. Nc3 Ne4 6. a3 Be7 7. Bd3 f5 8. b4 Nxc3
9. Qd2 Ne4 10. Qe2 a5 11. b5 Na7 12. h3 Ng3 13. Qf2 Nxh1 14. g4 Nxf2 0-1

[Event "Challenge"]
[Site "http://www.queenalice.com/game.php?id=100785"]
[Date "2006.8.30"]
[Round "-"]
[White "pierj"]
[Black "luxitan"]
[Result "0-1"]
[WhiteElo "1461"]
[BlackElo "1585"]

1. e4 e5 2. Nf3 d6 3. d4 exd4 4. Bc4 Be7 5. O-O Nf6 6. h3 Nxe4 7. Re1 d5 8. Qxd4
dxc4 9. Qxd8+ Bxd8 10. Rxe4+ Be6 11. Nc3 O-O 12. Bg5 h6 13. Bxh6 gxh6 14. Re5
Nc6 15. Re2 Kh7 16. Rd1 Rg8 17. Nb5 Bxh3 18. Rd7 Bxd7 19. c3 Bg4 20. Re4 Bxf3
21. Rf4 Ne5 22. Kf1 Bxg2+ 23. Ke2 Re8 0-1

[Event "Challenge"]
[Site "http://www.queenalice.com/game.php?id=110516"]
[Date "2006.9.27"]
[Round "-"]
[White "mustangdraw"]
[Black "luxitan"]
[Result "1-0"]
[WhiteElo "1605"]
[BlackElo "1599"]

1. e4 e5 2. Nc3 d6 3. Bc4 Nh6 4. Nf3 Be7 5. d4 exd4 6. Nxd4 O-O 7. Bxh6 gxh6 8.
O-O Bf6 9. Nde2 Nc6 10. a3 Ne5 11. Bb3 Bh4 12. g3 Qg5 13. Nf4 Bg4 14. f3 Nxf3+
15. Rxf3 Qc5+ 16. Kg2 Bg5 17. Qd5 c6 18. Qxc5 dxc5 19. Rf2 b5 20. h3 c4 21. hxg4
cxb3 22. cxb3 Bf6 23. Nh5 Bd4 24. Rf5 f6 25. Raf1 c5 26. b4 cxb4 27. axb4 a5 28.
Nxb5 axb4 29. Nxd4 Ra2 30. Rb1 Ra6 31. Rbf1 Rd6 32. Rxf6 Rfxf6 33. Nxf6+ Kf7 34.
Nd5+ Kg6 35. Nf4+ Kf6 36. Nde6 Ke5 37. g5 hxg5 38. Nxg5 h6 39. Nf7+ 1-0

[Event "Challenge"]
[Site "http://www.queenalice.com/game.php?id=110517"]
[Date "2006.9.27"]
[Round "-"]
[White "luxitan"]
[Black "mustangdraw"]
[Result "1-0"]
[WhiteElo "1583"]
[BlackElo "1581"]

1. e4 e5 2. Nf3 Nc6 3. d3 f6 4. Nc3 Bb4 5. a3 Bxc3+ 6. bxc3 d6 7. Be2 Nge7 8.
O-O h6 9. Nh4 h5 10. Bxh5+ g6 11. Nxg6 Nxg6 12. Bxg6+ Ke7 13. d4 Rg8 14. Qh5 Qf8
15. Bh6 Qd8 16. Bh7 Re8 17. Qg6 Be6 18. Qg7+ Bf7 19. Bg6 Rf8 20. f4 Qe8 21. fxe5
Rg8 22. Qxf6+ Kd7 23. Bxf7 Rxg2+ 24. Kxg2 Qe7 25. Qf5+ Kd8 26. Bg5 Rc8 27. exd6
cxd6 28. Bxe7+ Nxe7 29. Qf6 1-0

[Event "Challenge"]
[Site "http://www.queenalice.com/game.php?id=135172"]
[Date "2006.11.30"]
[Round "-"]
[White "luxitan"]
[Black "Uchoas"]
[Result "0-1"]
[WhiteElo "1570"]
[BlackElo "1504"]

1. e4 e6 2. d4 Qf6 3. e5 Qe7 4. Nf3 d6 5. Nc3 dxe5 6. Nxe5 Nf6 7. Be2 Nc6 8. Bb5
Bd7 9. O-O O-O-O 10. Bg5 Nxe5 11. dxe5 Bxb5 12. exf6 gxf6 13. Bd2 Bxf1 14. Kxf1
Qd6 15. Ne4 Qxh2 16. Nxf6 Bh6 17. Ng4 Qh1+ 18. Ke2 Qh5 19. f3 Qb5+ 20. Ke1 Bxd2+
21. Qxd2 Rxd2 22. Kxd2 Rd8+ 23. Ke1 Qxb2 24. Rd1 Qb4+ 25. Ke2 Qc4+ 26. Ke1 Qxc2
27. Ne3 Qc3+ 28. Ke2 Qb2+ 29. Kf1 Rxd1+ 30. Nxd1 Qxa2 31. Ne3 Qa1+ 32. Kf2 a5
33. Ng4 Qd4+ 34. Kg3 a4 0-1

[Event "Challenge"]
[Site "http://www.queenalice.com/game.php?id=161516"]
[Date "2007.1.31"]
[Round "-"]
[White "hugo10"]
[Black "luxitan"]
[Result "0-1"]
[WhiteElo "1455"]
[BlackElo "1575"]

1. e4 e5 2. Bc4 Nf6 3. Nf3 Bc5 4. c3 O-O 5. Nxe5 d5 6. exd5 Re8 7. d4 Nxd5 8. a3
a5 9. Bb5 c6 10. dxc5 cxb5 11. f4 Ne3 12. Qxd8 Rxd8 13. Bxe3 f6 14. c6 fxe5 15.
c7 Re8 16. b4 exf4 17. Rf1 fxe3 18. bxa5 Na6 19. a4 Nxc7 20. a6 Rxa6 21. Na3
Rxa4 22. g3 Nd5 23. Ke2 Nxc3+ 24. Kd3 e2 25. Rfe1 b4 26. Nc2 Bf5+ 27. Kc4 Bxc2
28. h4 Rxa1 29. Rxa1 Bb1 30. Kxb4 e1=Q 31. g4 Qe4+ 32. Kxc3 Qe5+ 33. Kc4 Qxa1
34. h5 Qe5 35. g5 Qe4+ 36. Kc5 Rd8 37. Kb6 Qc6+ 38. Ka7 Qa6# 0-1

[Event "Challenge"]
[Site "http://www.queenalice.com/game.php?id=161539"]
[Date "2007.1.31"]
[Round "-"]
[White "luxitan"]
[Black "hugo10"]
[Result "1-0"]
[WhiteElo "1562"]
[BlackElo "1478"]

1. e4 e5 2. Nf3 Nc6 3. d4 f6 4. c3 Nb8 5. dxe5 fxe5 6. Nxe5 Qf6 7. Ng4 Qg6 8.
Bd3 Bc5 9. O-O d6 10. h3 h5 11. e5 hxg4 12. Bxg6+ Kf8 13. hxg4 Rh6 14. Bxh6 gxh6
15. Qf3+ Ke7 16. Qf7+ Kd8 17. Qe8# 1-0

[Event "Challenge"]
[Site "http://www.queenalice.com/game.php?id=168238"]
[Date "2007.2.13"]
[Round "-"]
[White "luxitan"]
[Black "TomBishop"]
[Result "1-0"]
[WhiteElo "1586"]
[BlackElo "1603"]

1. e4 e5 2. Nf3 Nc6 3. d3 Nf6 4. Nc3 h6 5. d4 exd4 6. Nxd4 Nxd4 7. Qxd4 d6 8.
Bf4 a6 9. O-O-O Be6 10. e5 dxe5 11. Bxe5 Qxd4 12. Rxd4 Ng4 13. Nd5 O-O-O 14.
Rxg4 Rxd5 15. Re4 f5 16. Bxg7 Bxg7 17. Rxe6 h5 18. Bd3 Rg8 19. Bc4 Rd4 20. b3
Bh6+ 21. Rxh6 Rxg2 22. Rh8+ Kd7 23. Rd1 Rxd1+ 24. Kxd1 Rxh2 25. Rh7+ Kd6 26. Ke2
Rh4 27. Kf3 b5 28. Bd3 c5 29. Bxf5 Ke5 30. Bc8 Rh3+ 31. Bxh3 1-0

[Event "Let's Play Chess!"]
[Site "http://www.queenalice.com/game.php?id=194498"]
[Date "2007.4.10"]
[Round "-"]
[White "luxitan"]
[Black "raquca"]
[Result "0-1"]
[WhiteElo "1556"]
[BlackElo "1891"]

1. e4 e5 2. Nf3 Nc6 3. Nc3 Nf6 4. Bc4 Be7 5. O-O O-O 6. d4 d6 7. d5 Nb8 8. Nh4
Nxe4 9. Nxe4 f5 10. Nc5 Bxh4 11. Ne6 Bxe6 12. dxe6 Be7 13. Bg5 h6 14. Bxe7 Qxe7
15. f4 Kh8 16. Rf3 Nc6 17. Qd2 Nd4 18. Re3 Nc6 19. fxe5 Nxe5 20. Rf1 Nxc4 21.
Qe2 Nxe3 22. Qxe3 Rae8 23. Re1 Rf6 0-1

[Event "Challenge"]
[Site "http://www.queenalice.com/game.php?id=194502"]
[Date "2007.4.10"]
[Round "-"]
[White "raquca"]
[Black "luxitan"]
[Result "1-0"]
[WhiteElo "1888"]
[BlackElo "1559"]

1. e4 e5 2. Nf3 d6 3. Bc4 Nh6 4. O-O Be6 5. Bxe6 fxe6 6. d4 d5 7. exd5 exd5 8.
Nxe5 Nc6 9. Re1 Be7 10. Qh5+ g6 11. Qxh6 Nxd4 12. Nxg6 Nf5 13. Qh5 Ng7 14. Qh6
Kf7 15. Rxe7+ Kg8 16. Qxg7# 1-0

[Event "Challenge"]
[Site "http://www.queenalice.com/game.php?id=219140"]
[Date "2007.6.1"]
[Round "-"]
[White "luxitan"]
[Black "Uchoas"]
[Result "1-0"]
[WhiteElo "1563"]
[BlackElo "1492"]

1. e4 e5 2. Nf3 Nc6 3. Nc3 Nf6 4. Bb5 a6 5. Bxc6 bxc6 6. Nxe5 Bb4 7. O-O Qe7 8.
a3 Bxc3 9. bxc3 Qxe5 10. d4 Qxe4 11. Re1 O-O 12. Rxe4 Nxe4 13. d5 cxd5 14. Qxd5
Rb8 15. Qxe4 Bb7 16. Qg4 f5 17. Qg3 d6 18. c4 Rbd8 19. c5 Rf6 20. Bg5 Kh8 21.
Bxf6 gxf6 22. Qh4 Kg7 23. cxd6 Rxd6 24. Qb4 Rb6 25. Qe7+ 1-0